Statistics for All foreign players Go Ahead Eagles

Click here to take the quiz!

General Stats

  • This quiz has been taken 6 times
  • The average score is 49 of 109

Answer Stats

HintAnswer% Correct
Antoine Rabillard
83%
Aventis Aventisian
83%
Córdoba
83%
Cuco Martina
83%
Gerrit Nauber
83%
Giannis Botos
83%
Isac Lidberg
83%
Jakob Breum
83%
Jaroslav Navrátil
83%
Jenthe Mertens
83%
Marc Cardona
83%
Ogechika Heil
83%
Oliver Edvardsen
83%
Philippe Rommens
83%
Victor Edvardsen
83%
Warner Hahn
83%
Willum Willumsson
83%
Yacine Bourhane
83%
Adrian Edqvist
67%
Dan Crowley
67%
Diego Michiels
67%
Eloy Room
67%
Erkan Eyibil
67%
Federico Mattiello
67%
Fernando Lewis
67%
François Mével
67%
Frank Ross
67%
Fredrik Oppegård
67%
Halil Çolak
67%
Jacob Mulenga
67%
Jarchinio Antonia
67%
Jason Van Blerk
67%
Jhon Van Beukering
67%
José Fontán
67%
Henri Anier
50%
Kingsley Obiekulu
50%
Loïc Loval
50%
Lum Rexhepi
50%
Marcel Ritzmaier
50%
Marco Parnela
50%
Mathias Ranégie
50%
Mawouna Amevor
50%
Michał Janota
50%
Mikko Rahkamaa
50%
Niklas Tarvajärvi
50%
Orlando Smeekes
50%
Oscar López
50%
Pedro Chirivella
50%
Pepe Fernández
50%
Sander Post
50%
Sébastien Locigno
50%
Serghei Cleşcenco
50%
Sergiu Nani
50%
Sinan Bytyqi
50%
Stephan Andersen
50%
Tcho Tcho Nzuki-Makuso
50%
Tesfaldet Tekie
50%
Theo Vogelsang
50%
Thomas Azevedo
50%
Bruno Andrade
33%
Henrik Ojamaa
33%
John Linford
33%
Kari Arkivuo
33%
Luca Plogmann
33%
Maecky Ngombo
33%
Maël Corboz
33%
Mario Piqué
33%
Mike Small
33%
Mustafa Aydın
33%
Nicolas Abdat
33%
Reza Ghoochannejhad
33%
Stefano Beltrame
33%
Tim Hölscher
33%
Xander Blomme
33%
Aaron Nemane
17%
Adam Sarota
17%
Brem Soumaoro
17%
Brian Wilsterman
17%
Colin Withers
17%
Dario Serra
17%
Deniz Türürç
17%
Elso Brito
17%
Gor Agbaljan
17%
Hans Pfeiffer
17%
Isaï Marselia
17%
Josef Jelínek
17%
Joško Gluić
17%
Karim Fachtali
17%
Kresten Bjerre
17%
Kurt Rettkowski
17%
La'Vere Corbin-Ong
17%
Marc De Clerck
17%
Maringo Vlijter
17%
Mario Vušković
17%
Mathias Maiwald
17%
Nelson Da Costa
17%
Nigel Hasselbaink
17%
Paja Dolezar
17%
Paul Kerlin
17%
Peter Rufai
17%
Ridgeciano Haps
17%
Rochdi Achenteh
17%
Rolf Thiemann
17%
Shadrach Eghan
17%
Thibo Baeten
17%
Tommy Kristiansen
17%
Ulrich Wilson
17%
Willi Kraus
17%
Yannick Vervalle
17%

Score Distribution

Percentile by Number Answered

Percent of People with Each Score

Your Score History

You have not taken this quiz